| 000 | 01263nam a2200373 i 4500 | ||
|---|---|---|---|
| 001 | vtls000928167 | ||
| 003 | PNM | ||
| 005 | 20210505125754.0 | ||
| 008 | 210331t2021 my ao d 000 0 may | ||
| 015 | _aM21-04071 | ||
| 020 |
_a9789672930389 _qpaperback _cRM29.95 |
||
| 039 | 9 |
_a202104151013 _bnorida |
|
| 040 |
_aBNM _beng _cBNM _erda _dPPAK |
||
| 049 | _amal | ||
| 082 | 0 | 4 |
_223 _a499.2380076 |
| 090 | 0 | 0 |
_a499.2380076 _bMAH _dG |
| 090 | 0 | 0 |
_a499.2380076 _bMAH _dR |
| 100 | 0 |
_aMahmud Sarlan, _eauthor. |
|
| 245 | 1 | 0 |
_aBAHASA MELAYU. _nTingkatan 4•5 KSSM / _cMahmud Sarlan, Mohd Hanafi Hairan, Mohd Yusof Ngadiman, Azahar Bahari. |
| 264 | 1 |
_aBangi, Selangor : _bPenerbitan Pelangi Sdn. Bhd., _c2021 |
|
| 264 | 4 | _c©2021 | |
| 300 |
_aiv, 372 pages : _bcolour illustrations, colour photographs ; _c27 cm. |
||
| 336 |
_atext _2rdacontent |
||
| 337 |
_aunmediated _2rdamedia |
||
| 338 |
_avolume _2rdacarrier |
||
| 490 | 1 | _aFOCUS SPM KSSM Tingkatan 4•5 | |
| 500 | _aIncludes questions and answers. | ||
| 650 | 1 | 0 |
_aMalay language _vProblems, exercises, etc. |
| 700 | 0 |
_aMohd Hanafi Hairan, _eauthor. |
|
| 700 | 0 |
_aMohd Yusof Ngadiman, _eauthor. |
|
| 700 | 0 |
_aAzahar Bahari, _eauthor. |
|
| 830 | 0 | _aFocus SPM KSSM tingkatan 4•5 | |
| 942 |
_2ddc _cB |
||
| 999 |
_c183761 _d183761 |
||